[Event "Nikolaev zt"]
[Site "Nikolaev"]
[Date "1993.??.??"]
[Round "?"]
[White "Tukmakov, Vladimir B"]
[Black "Timoshenko, Georgy"]
[Result "0-1"]
[WhiteElo "2605"]
[BlackElo "2515"]
[Annotator "Hansen,Cu"]
[PlyCount "136"]
[EventDate "1993.03.??"]
[EventType "swiss"]
[EventRounds "11"]
[EventCountry "RUS"]
[SourceTitle "CBM 035"]
[Source "ChessBase"]
[SourceDate "1993.08.01"]
[SourceVersion "1"]
[SourceVersionDate "1993.08.01"]
[SourceQuality "1"]

1. d4 {Belov Dautov} Nf6 2. Nf3 e6 3. c4 b6 4. g3 Bb7 5. Bg2 Be7 6. Nc3 Ne4 7.
Bd2 Bf6 8. O-O O-O 9. Qc2 (9. Rc1 {Belov} c5 10. d5 exd5 11. cxd5 Nxd2 12. Nxd2
d6 13. Nde4 Be7 14. f4 Bc8 15. Kh1 $5 $146 (15. e3 Nd7 16. g4 Nf6 17. g5 Nxe4
18. Nxe4 f6 19. h4 g6 20. Ng3 $14 {Shneider-Karpman/SSSR/1988/}) 15... Re8 16.
Bf3 Ba6 17. a4 Bf8 18. g4 h6 19. Rg1 Qh4 20. Qd2 $14 {Savchenko-Timoshenko/
Nikolaev/1993/}) 9... Nxd2 10. Qxd2 d6 11. e4 (11. Rad1 {Belov} Nd7 12. d5 Bxc3
13. Qxc3 e5 14. e4 a5 15. Nd2 Qe7 16. b3 c6 $1 17. dxc6 Bxc6 $10 {
Dokhoian-Razuvaev/BRD/1992/}) 11... Nd7 12. Rfe1 (12. d5 Qe7 (12... Ne5 13. b3
Nxf3+ 14. Bxf3 g6 15. Bg2 Bg7 16. Rac1 Qe7 17. f4 c6 $10 {Mecking,
H-Polugajevsky,L/Luzern m/1977/}) (12... e5 13. b4 g6 14. Na4 Bg7 15. c5 c6 $13
{Tesic,D-Abramovic,B/Yug ch/1991/}) 13. Rfe1 Bxc3 14. Qxc3 e5 15. b4 a5 16. a3
Ra7 $10 {Petrosian,T-Karpov,A/Milano/1975/}) (12. Rfd1 g6 13. d5 e5 (13... Qe7
14. Nd4 Bxd4 15. Qxd4 e5 16. Qe3 a5 17. b3 Nc5 18. Ne2 Bc8 {0,5/Mohr,G-Savon,V/
Bled op/1992/}) 14. b4 Bg7 15. h4 h5 16. Bh3 Qe7 17. Qc2 Bh6 $10 {Levin,
D-Abramovic,B/Belgrade IKO/1992/}) (12. Rad1 Qe7 (12... c5 13. Rfe1 Qb8 14. d5
e5 15. a4 Be7 16. Ra1 Bd8 17. Reb1 $14 {Baumbach,F-Omelchenko,L/corr 9-WCH/
1977/}) (12... e5 13. d5 a5 14. Ne1 g6 15. Nd3 Bg7 16. Bh3 Bc8 17. Qc2 Nf6 18.
Bxc8 Qxc8 19. f3 h5 $10 {Kozma,K-Sutovskij,E/Konsumex Kupa/1992/}) (12... Rc8
13. Rfe1 e5 14. Bh3 exd4 15. Nd5 c5 16. Bxd7 Qxd7 17. Nxf6+ gxf6 18. Nh4 Qg4
19. Nf5 {0,5/Schultze,J-Kesseler,H/2.BL/1988/}) (12... g6 13. Rfe1 (13. h4 Qe7
14. Rfe1 Rad8 15. b3 Bg7 16. Qc2 c5 17. d5 Ne5 18. Nh2 h5 19. f4 Ng4 20. Nxg4
hxg4 21. e5 $16 {Brenninkmeijer,J-Pliester,L/Gronningen open/1992/}) (13. b3
Bg7 $10 {Mecking,H-Polugajevsky,L/Manila izt/1976/}) 13... Bg7 (13... e5 14.
Nd5 (14. dxe5 Nxe5 15. Nxe5 Bxe5 16. f4 $14 {Joksic,S-Borkovic,V/Borovo/1991})
14... Bg7 15. b3 Re8 16. dxe5 Nxe5 17. Nd4 $14 {Pinter,J-Gruenfeld,Y/Haifa EU
chT/1989/}) 14. Qc2 (14. Qe3 e5 15. dxe5 Nxe5 16. Nxe5 Bxe5 17. f4 Bg7 18. e5
Bxg2 19. Kxg2 $16 {Hansen,LB-Harandi,K/Novi Sad olm/1990/}) (14. h4 Qe7 15. h5
Rad8 16. Bh3 a6 17. d5 Ne5 18. Nxe5 Bxe5 19. Ne2 Bc8 $10 {Christiansen,
L-Khalifman,A/BL/1991/}) (14. Qe2 e5 15. dxe5 Nxe5 16. Nxe5 Bxe5 17. Nd5 c6 18.
Ne3 Qe7 $10 {Gheorghiu,F-Giertz,N/SWZ-GP Suhr/1992/}) 14... Qe7 15. b3 Rfd8 16.
Re2 c5 17. d5 Bxc3 18. Qxc3 e5 $10 {Bjork,C-Bergstrom,C/Rilton Cup/1987/}) 13.
d5 c5 $2 14. dxe6 fxe6 15. Qxd6 $16 {Ribli,Z-Harandi,H/Manila izt/1976/}) 12...
g6 (12... a5 13. b3 e5 14. Rad1 exd4 15. Nxd4 Nc5 16. Nd5 Bxd4 17. Qxd4 $14 {
Vukic,M-Janosevic,D/Jugoslavija/1979/}) 13. h4 Bg7 (13... e5 14. d5 h5 15. b4
Bg7 16. Bh3 a5 17. a3 Ba6 $132 {Fedorowicz,J-Van der Wiel,J/Wijk/1991/}) 14. h5
gxh5 (14... Qe7 15. Rad1 Rad8 16. hxg6 hxg6 17. b3 a6 18. d5 e5 19. Bh3 $14 {
Vadasz,L-Tukmakov,V/Erevan/1980/} (19. Bh3 {Dautov} Rfe8 20. Kg2 Qf8 21. Bxd7 (
21. Rh1 $5 Bh6 22. Qc2 $14 {/\b4}) 21... Bh6 22. Qd3 Rxd7 23. Rh1 Kg7 24. b4
Bc8 25. Rh4 Qe7 26. Rdh1 Rh8 27. Nd1 Rdd8 28. c5 bxc5 29. bxc5 f5 $13 {
Vadasz-Tukmakov/Erevan/1980})) (14... Re8 15. hxg6 hxg6 16. Rad1 Qe7 17. b3
Rad8 18. d5 e5 19. Bh3 $14 {Georgadze,T-Agzamov,G/Erevan/1982/} (19. Bh3 {
Dautov} Bf6 20. Bxd7 $6 (20. Kg2 $14) 20... Qxd7 21. Qh6 Bg7 22. Qh4 f6 23. Kg2
Bc8 24. Rh1 Kf7 $17 {Georgadze,T-Agzamov/Erevan/1982})) (14... Qe8 {Belov} 15.
hxg6 hxg6 $14) 15. Rad1 a6 (15... Qe7 {Dautov} 16. Qe2 Bf6 {/\h4} 17. e5 $1
dxe5 (17... Bg7 18. exd6 cxd6 19. Nd5 $1 Qd8 20. Nf4 Nf6 21. Nh4 Bxg2 22. Nhxg2
Rc8 23. b3 $14) 18. Nxe5 (18. dxe5 Bg7 $13) 18... Bxg2 19. Kxg2 Bxe5 20. dxe5
$16 h4 21. Rh1 hxg3 $2 22. Qd3 $18) 16. Qe2 (16. Qf4 Qf6 $13 (16... e5 17. dxe5
(17. Qf5 exd4 18. Nxd4 h4 $13) 17... Nxe5 18. Nxe5 Bxe5 19. Qh6 $14)) 16... Qe7
(16... Kh8 $5 {/\} 17. Nh4 Qg5) (16... Re8 $5 {Belov} 17. Nh4 Qg5) 17. Nh4 Qg5
18. e5 Bxg2 19. Kxg2 Qh6 $6 (19... dxe5 $5 20. dxe5 Rad8 (20... Nxe5 $2 21. f4
$18) (20... Rfd8 21. Nf3 (21. f4 $16 {Belov}) 21... Qg6 22. Rd4 Nf8 23. Rh4 $1
$16 {/\Reh1}) 21. f4 (21. Nf3 {Dautov} Qg6 (21... Qf5 $2 22. Nd4 Qxe5 23. Nc6
Qxe2 24. Rxe2 $18) (21... Qg4 $2 22. Rd4 Qg6 23. Red1 $18) 22. Rd4 (22. b4 $5)
22... Nc5 23. Red1 Rxd4 24. Nxd4 (24. Rxd4 a5 $13 {/\f6}) 24... f6 (24... a5
25. Nc6 Re8 26. Rd8 Rxd8 27. Ne7+ Kf8 28. Nxg6+ hxg6 $14) 25. b4 fxe5 26. Nc6
Qe8 27. Nxe5 Nb7 $13) 21... Qg4 $13 (21... Qg4 22. Nf3 $14)) 20. f4 $16 {ףh6}
Rfd8 21. Ne4 Nf8 22. exd6 (22. Rh1 $5 {קh5} Ng6 (22... dxe5 23. fxe5 {><f6,
><f7}) 23. Nf3 Ne7 24. Nfg5 $16) 22... cxd6 23. d5 Ng6 24. Rh1 (24. Nxg6 {
Dautov} Qxg6 25. dxe6 Qxe6 $132) (24. dxe6 {Belov} Nxh4+ 25. gxh4 Qxe6 $13)
24... Ne7 (24... Nxh4+ {Dautov} 25. Rxh4 Qg6 26. Rxh5 h6 $16) 25. Ng5 $1 e5 $8
26. Ngf3 {/\fxe5} Qf6 27. fxe5 dxe5 28. Rhf1 Ng6 29. Qe4 Rac8 30. Rc1 {
/\b2-b4+c4-c5} (30. b3 {Dautov} b5 31. Rc1 $16) 30... Qd6 31. Nf5 Qb4 32. Rc2 {
/\33.Nxg7 Kxg7 34.Nxe5} f6 33. Ne1 {/\Ne1-d3+b2-b4} (33. N3h4 $5 $16 {Dautov})
(33. d6 $5 $16 {Dautov /\Qd5-f7}) (33. Rd1 $5 {Belov /\ d6}) 33... b5 34. b3
bxc4 35. bxc4 Rc7 (35... Rd7 {Belov}) 36. Nd3 Qa4 (36... Qf8 37. c5 $18) 37.
Rfc1 (37. Rff2 $5 {Dautov} Rdc8 (37... Bf8 38. d6 Rcc8 39. Qd5+ Kh8 40. c5 $18)
38. d6 Rxc4 39. d7 $18) 37... Bf8 38. d6 $1 Rcc8 (38... Bxd6 39. Qd5+ Kf8 (
39... Kh8 {Belov} 40. Nxd6 $18) 40. Nxd6 $18) 39. Qd5+ Kh8 40. c5 {/\c5-c6} (
40. Nc5 $1 {Dautov} Qc6 (40... Qa5 {Belov} 41. Ne4 Qxd5 42. cxd5 $16) 41. Qxc6
Rxc6 42. Ne4 $18) (40. Nf2 {Belov} h4 $1 $132) 40... Qg4 41. Rf2 (41. Qf3 Qg5
42. Nf2) (41. Qf3 $1 $16 {Dautov}) 41... Qg5 (41... h4 42. Rc4 $16) 42. Rc4 {
/\c5-c6} h4 $8 43. d7 $2 (43. Nxh4 $16) (43. Nxh4 {Dautov} Nf4+ 44. Nxf4 exf4
45. Qxg5 fxg5 46. Nf5 Bxd6 47. Nxd6 Rxd6 $10) 43... hxg3 44. Nxg3 (44. dxc8=Q {
Belov} gxf2+ 45. Kxf2 Rxc8 $13) 44... Rc7 45. c6 Be7 $13 {/\Rg8<->g} 46. Rf5 (
46. Qa5 Bd6 $1 $13 (46... Rdxd7 47. cxd7 Rxc4 48. d8=Q+ Bxd8 49. Qxd8+ Kg7 50.
Qxf6+ Qxf6 51. Nh5+ $18) (46... Rg8 47. Qxc7 Nh4+ 48. Kf1 Qxg3 49. Ke2 Ng2 50.
Qb6 $18)) 46... Qd2+ (46... Nh4+ $2 47. Rxh4 Qxh4 48. Nxe5 $16) 47. Rf2 Qg5 48.
Rf5 Qd2+ 49. Kh3 (49. Rf2 $10) (49. Rf2 $10 {Belov}) 49... Rg8 50. Rg4 (50. Rh5
$16 {Dautov}) 50... Qc3 51. Rh5 (51. Rc4 Qd2 $132) (51. Rc4 $10 {Belov}) 51...
Qxc6 52. Qf7 Rg7 53. Qe8+ (53. Qxe7 $2 {Belov} Rxe7 54. d8=Q+ Re8 $19) 53...
Rg8 54. Qf7 Rg7 55. Qe8+ Rg8 56. Qxe7 $4 (56. Qf7 $10) (56. Qf7 $10 {Dautov}) (
56. Qf7 $10 {Belov}) 56... Nxe7 57. Rxg8+ Nxg8 58. d8=Q Rc8 $19 {ףd8} (58...
Rd7 {Belov} 59. Qe8 $16) 59. Nxe5 $8 (59. Qa5 {Dautov} Qd7+ $19) 59... Qe6+ 60.
Nf5 {/\Ng6#} fxe5 (60... Rxd8 {Belov} 61. Ng6#) 61. Qd3 Ne7 62. Qb3 Nd5 {/\Nf4+
} (62... Qxb3+ {Belov} 63. axb3 Ng6 $19) 63. Kh2 Qg6 64. Ng3 Nf4 (64... Qc2+
$19 {Belov}) 65. Rxe5 Rc2+ (65... Qc2+ $19 {Belov}) 66. Kg1 (66. Kh1 Qc6+ 67.
Re4 Qh6+ $19) 66... Rg2+ 67. Kf1 Rxg3 (67... Qxg3 {Belov} 68. Re8+ Kg7 69. Rg8+
$10) 68. Qb8+ Qg8 {Hansen,Cu} (68... Qg8 $19 69. Re8 Rf3+ 70. Ke1 Re3+ $19) 0-1

[Event "EU-Cup 18th"]
[Site "Kallithea"]
[Date "2002.09.24"]
[Round "3.2"]
[White "Van der Stricht, Geert"]
[Black "Atlas, Valeri"]
[Result "1/2-1/2"]
[WhiteElo "2404"]
[BlackElo "2501"]
[Annotator "Hecht,H"]
[PlyCount "139"]
[EventDate "2002.09.22"]
[EventType "team-swiss"]
[EventRounds "7"]
[EventCountry "GRE"]
[SourceTitle "CBM 092"]
[Source "ChessBase"]
[SourceDate "2003.02.06"]
[SourceVersion "1"]
[SourceVersionDate "2003.02.06"]
[SourceQuality "1"]
[WhiteTeam "Temse"]
[BlackTeam "Hohenems"]
[WhiteTeamCountry "BEL"]
[BlackTeamCountry "AUT"]

1. d4 Nf6 2. c4 e6 3. Nf3 b6 4. g3 Bb7 5. Bg2 Be7 6. O-O O-O 7. Nc3 Ne4 8. Bd2
d6 9. d5 Nxd2 10. Qxd2 e5 11. b4 Nd7 12. e4 g6 13. Qc2 Bc8 14. Bh3 Kh8 15. Nd2
a5 16. bxa5 Rxa5 17. Nb3 Ra8 18. a4 f5 19. a5 Nc5 20. axb6 Rxa1 21. Rxa1 Nxb3
22. Qxb3 cxb6 23. Ra7 Bg5 24. Qb2 Bh6 25. exf5 gxf5 26. Na4 f4 27. Ra8 Qc7 28.
Bxc8 Rxc8 29. Qxb6 Qxc4 30. Rxc8+ Qxc8 31. Qxd6 Qc1+ 32. Kg2 f3+ 33. Kxf3 Qd1+
34. Kg2 Qxa4 35. Qxh6 Qe4+ 36. Kh3 Qf5+ 37. Kg2 Qe4+ 38. Kh3 Qf5+ 39. Kh4 Qxf2
40. Kh3 Qf5+ 41. Kh4 Qe4+ 42. g4 Qxd5 43. Qf8+ Qg8 44. Qf6+ Qg7 45. Qd8+ Qg8 {
Übergang in ein elementares Remisendspiel "2-1 Bauern auf einem Flügel".} 46.
Qxg8+ Kxg8 47. Kg5 Kf7 48. Kf5 e4 (48... h5 $2 49. g5 h4 50. Kxe5 Kg6 51. Kf4
h3 52. Kg4 $22 $18) 49. Kxe4 Kg6 50. h4 Kf6 51. Kd5 Kg6 52. Ke6 Kg7 53. Ke7 Kg8
54. Ke8 Kg7 55. Ke7 Kg8 56. Kf6 Kf8 57. Kg5 Kg7 58. Kf4 Kf6 59. Ke4 Kg6 60. Ke5
Kg7 61. Ke6 Kg6 62. Ke7 Kg7 63. h5 Kg8 (63... Kh6 $2 64. Kf7 Kg5 65. Kg7 Kxg4
66. h6 $18) 64. Kf6 Kf8 65. g5 Kg8 66. Ke7 Kg7 67. h6+ Kg8 68. Kf6 Kh8 (68...
Kf8 69. g6 Kg8 $11) 69. g6 hxg6 70. Kxg6 1/2-1/2

[Event "Corus-C"]
[Site "Wijk aan Zee"]
[Date "2004.01.13"]
[Round "3"]
[White "Peng, Zhaoqin"]
[Black "Lagno, Kateryna"]
[Result "1-0"]
[WhiteElo "2419"]
[BlackElo "2493"]
[Annotator "Hecht,H"]
[PlyCount "199"]
[EventDate "2004.01.10"]
[EventType "tourn"]
[EventRounds "13"]
[EventCountry "NED"]
[EventCategory "9"]
[SourceTitle "CBM 099"]
[Source "ChessBase"]
[SourceDate "2004.03.30"]
[SourceVersion "1"]
[SourceVersionDate "2004.03.30"]
[SourceQuality "1"]

1. d4 Nf6 2. c4 e6 3. Nf3 b6 4. g3 Bb7 5. Bg2 Be7 6. O-O O-O 7. Nc3 Ne4 8. Nxe4
Bxe4 9. Be3 d5 10. Qa4 Qd7 11. Qxd7 Nxd7 12. cxd5 Bxd5 13. Rfd1 Rfd8 14. Ne1
Bxg2 15. Kxg2 c5 16. Rac1 cxd4 17. Rxd4 Bc5 18. Rd3 Bxe3 19. Rcd1 Bg5 20. Rxd7
Kf8 21. R1d3 Ke8 22. Rb7 Bf6 23. b3 Rdb8 24. Rdd7 Rxb7 25. Rxb7 Be7 26. Nd3 Bd6
27. h4 h5 28. Kf3 g6 29. Nb2 Bc5 30. Nc4 Rd8 31. Rxa7 b5 32. Ra5 bxc4 33. Rxc5
cxb3 34. axb3 Rb8 35. Rc3 Kd7 36. Ke4 Ra8 37. Ke5 Ra5+ 38. Kf6 Rf5+ 39. Kg7
Rxf2 40. Rf3 Rxe2 41. Kxf7 e5 42. Kxg6 e4 43. Rc3 Ke6 44. Kxh5 Rd2 45. Kg4 Ke5
46. Rc8 Kd4 47. h5 e3 48. Rd8+ Ke4 49. Re8+ Kd3 50. h6 Rh2 51. Kg5 e2 52. g4
Rh3 53. b4 Re3 54. Rxe3+ Kxe3 55. h7 e1=Q 56. h8=Q Qxb4 57. Qe5+ Kf3 {
Approaching the pawn is as good a way of holding the draw as heading into the
long grass in the direction of a1. Die Annäherung an den Bauern hält ebenso
Remis wie das Abwandern in die Südwestecke Richtung a1.} (57... Kd3 58. Qd5+
Kc2 $11 {is neverthesless more to be recommended ist gleichwohl
empfehlenswerter}) 58. Qd5+ Kg3 59. Qd3+ Kg2 (59... Kf2 $2 60. Kh5 $1 $18) 60.
Qe2+ Kg3 61. Qe3+ Kg2 62. Kh4 Qb2 63. Qh3+ Kg1 64. Qe3+ Kg2 65. Qe4+ Kh2 66. g5
Qh8+ 67. Kg4 Qh3+ 68. Kf4 Qf1+ 69. Ke5 {At this point, and taking into
consideration the possible error on move 59, the problems with the defence
Black has chosen become clear. Only an immediate Kg3, limiting the
opportunities for counter checks holds the draw according to TABLEBASE.  An
dieser Stelle und am möglichen Fehlgriff im 59. Zug wird die Problematik der
gewählten schwarzen Verteidigung deutlich sichtbar. Nur das sofortige Kg3, was
die Gegenschachchancen minimiert, hält laut TABLEBASE remis.} Qa1+ 70. Kf5 $1
$18 {[%csl Ye5,Yf4][%cal Re5h2]} Qa3 71. g6 Qf8+ 72. Kg5 Qd8+ 73. Kg4 Qd1+ 74.
Kf5 Qd7+ 75. Qe6 Qd3+ 76. Kf6 Qf3+ 77. Ke7 Qb7+ 78. Kf8 Qb8+ 79. Kf7 Qc7+ 80.
Kg8 Qd8+ 81. Kg7 Qc7+ (81... Kg3 $142 {even if it is too late in the day. wenn
auch zu spät}) 82. Kh6 Qf4+ 83. Kh7 Qh4+ 84. Kg7 Qd4+ 85. Kf7 Qf4+ 86. Qf6 Qc7+
87. Qe7 Qf4+ 88. Kg8 Qc4+ 89. Kh7 Qd3 90. Qe5+ Kg2 91. Kh6 {[%csl Yg5][%cal
Rg5g2] Only now does White move a good deal closer to the win. Up till now the
moves resembled someone stumbling through a jungle without actually
relinquishing all hope of a win.  Erst jetzt kommt Weiß dem Gewinn ein gutes
Stück näher. Die Zugfolgen zuvor erinnerten mehr an das Umherirren im dunklen
Wald, ohne dass der Gewinn aus der Hand gegeben wurde.} Qa6 92. Qd5+ Kg3 93.
Kh7 Kg4 94. g7 Qa7 95. Qe4+ Kg5 96. Qe5+ Kg4 97. Kg6 $6 (97. Kh8 $1 {wins at
once. gewinnt sofort}) 97... Qb6+ 98. Qf6 Qb1+ 99. Kf7 ({Blackouts such as
Blackouts wie} 99. Kh6 $4 Qh1+ 100. Kg6 Qh5# {are not as rare as all that.
sind gar nicht einmal so selten.}) 99... Qb3+ 100. Qe6+ 1-0

[Event "Bundesliga 0203"]
[Site "Germany"]
[Date "2003.03.08"]
[Round "12.6"]
[White "Hertneck, Gerald"]
[Black "Enders, Peter"]
[Result "1-0"]
[WhiteElo "2502"]
[BlackElo "2524"]
[Annotator "Hertneck,G"]
[PlyCount "65"]
[EventDate "2002.10.19"]
[EventType "team-tourn"]
[EventRounds "15"]
[EventCountry "GER"]
[SourceTitle "CBM 094"]
[Source "ChessBase"]
[SourceDate "2003.05.26"]
[SourceVersion "1"]
[SourceVersionDate "2003.05.26"]
[SourceQuality "1"]
[WhiteTeam "Tegernsee"]
[BlackTeam "Erfurt"]
[WhiteTeamCountry "GER"]
[BlackTeamCountry "GER"]

1. Nf3 Nf6 2. c4 e6 3. Nc3 b6 4. g3 Bb7 5. Bg2 Be7 6. d4 Ne4 7. Bd2 {Die
moderne Behandlungsweise des klassischen Dameninders, und wohl die einzige,
mit der sich auf Gewinn spielen lässt.} O-O {Öfter gespielt wird f5 oder Lf6.}
8. Rc1 $5 {Die Theorie bevorzugt d5, um Schwarz nicht selbst zu d5 kommen zu
lassen.} d5 9. cxd5 exd5 10. O-O Na6 {Anscheinend Peters Lieblingszug, denn
diesen Aufbau wählte schon auf der Deutschen Meisterschaft 98 in Bremen gegen
mich. Natürlicher und besser dürfte der Hauptzug Sd7 sein.} 11. Ne5 c5 {
Einerseits logisch, um sich am Damenflügel so schnell wie möglich "Luft zu
verschaffen". Anderseits stellt sich die Frage, ob die schwarze
Zentrumskontrolle nicht noch etwas zu wacklig ist.} (11... Nxd2 12. Qxd2 c6 {
war die solidere Alternative.}) 12. Be3 $1 {Hält die Spannung im Zentrum noch
einen Moment aufrecht und nimmt die Punkte d4 und c5 ins Visier.} Re8 $6 {
Schon die erste Ungenauigkeit. Allerdings musste Schwarz schon sehr vorsichtig
agieren.} (12... Bf6 $5 13. Ng4 Be7 14. dxc5 Nxc3 15. Rxc3 bxc5 16. Bf4 $14)
13. Bxe4 $5 {Auf den ersten Blick überraschend, auf den zweiten logisch, weil
Weiß im Gegenzug für den Fianchetto-Läufer zwei wichtige Tempi gewinnt.} dxe4
14. Qb3 Rf8 {Nur so kann sich Schwarz den Einschlag auf f7 parieren.} 15. Rfd1
{Stellt Schwarz bereits vor die erste schwere Entscheidung.} Qc8 $6 {Ein
Fehler, da Schwarz die Kontrolle über den wichtigen Punkt d5 aufgibt.} ({
Der einzige schmale Pfad zum Ausgleich bestand in dem überraschenden} 15...
cxd4 $1 16. Bxd4 ({Ein zunächst recht unübersichtliches taktisches Gemenge
ergibt sich nach} 16. Rxd4 Qe8 $1 (16... Qc7 $2 17. Nd7 Rfc8 18. Rcd1 $16) 17.
Nxe4 Nc5 (17... Bc5 $2 18. Nf6+ $1 gxf6 19. Rg4+ Kh8 20. Bh6 $18) 18. Nxc5 Bxc5
19. Rdd1 Qxe5 20. Bxc5 bxc5 (20... Rfd8 21. Be3 $13) 21. Qxb7 Qxe2 {mit
schlußendlichem Ausgleich.}) 16... Qd6 $1 {Da Weiß keinen vernünftigen
Läuferabzug hat, ist dies gut spielbar.} 17. Nb5 Qh6 (17... Qb4 18. Qxb4 Nxb4
$13) 18. Be3 Qh5 $13) ({Die Alternativen De8 und Dc7 sind dagegen deutlich
schwächer.} 15... Qe8 $2 16. dxc5 Nxc5 17. Bxc5 Bxc5 18. Nd7 $16) (15... Qc7 $2
16. Nb5 Qc8 17. dxc5 $1 Nxc5 18. Bxc5 bxc5 19. Rd7 $18) 16. d5 $2 {An sich
logisch, da der Bauer die schwarzen Verteidiger einschnürt und die weißen
Reiter recht munter werden. Viel stärker war aber die sofortige Öffnung der
c-Linie.} (16. dxc5 $1 {war der schmale Pfad, in klaren Vorteil zu kommen.}
Nxc5 (16... Bxc5 17. Na4 Qc7 18. Nxc5 Nxc5 19. Bxc5 bxc5 20. Nd7 $16) (16...
bxc5 $2 17. Rd7 $18) 17. Nd5 $1 {Ohne diesen schönen Springerzug würde die
ganze Abwicklung keinen Sinn machen. Trotzdem war es in einer praktischen
Partie nicht leicht, die psychologische Barriere zu überwinden, dass die vom
Sc5 angegriffene Dame von b3 ja gar nicht wegziehen muss!} Bd6 (17... Bxd5 18.
Qxd5 Qe6 19. Nc6 Bf6 20. Bxc5 bxc5 21. Qxe6 fxe6 22. b3 $18) 18. Bxc5 bxc5 (
18... Bxc5 19. Ne7+ Bxe7 20. Rxc8 $18) 19. Nc4 Bxd5 20. Rxd5 Be7 21. Re5 $16) (
{Verlockend war natürlich auch} 16. Nd5 $6 {doch ich hatte richtig
eingeschätzt, dass nach dem einfachen} Qe6 17. Nxe7+ Qxe7 {die Stellung sofort
verflacht.}) 16... Qf5 {Danach ist Schwarz doch wieder ganz gut aus den
Löchern gekommen.} (16... Bf6 17. Nc4 Bxc3 $13 {war die Alternative.}) 17. Nc6
Bf6 ({Nach} 17... Bxc6 18. dxc6 Nb4 19. c7 {ist die große Frage, ob der Bauer
auf c7 stark oder schwach ist. Meine Intuition sagte mir "stark" oder
zumindest "lästig".}) 18. Nb5 {Der Tanz der Vampire...} Bxc6 19. dxc6 Qc8 $2 {
Verstößt gegen die Schachlogik, da "Rückentwicklung" meist keine
empfehlenswerte Strategie ist. Andererseits war der Angriff auf die "Krücke
c6" natürlich verlockend.} (19... Be5 $1 20. a3 $1 {Nimmt endlich die Drohung
Sb4 aus der Stellung.} Nc7 21. Nxc7 Bxc7 22. Rd7 Rac8 23. Qa4 a5 24. b4 cxb4
25. axb4 b5 26. Qc2 $14) 20. Qa4 Nb4 {Scheinbar hat Schwarz seine Ziele
erreicht, da der c6 nicht mehr zu halten ist. Ich hatte aber noch einen
giftigen Pfeil im Köcher.} (20... Bxb2 $2 21. Nd6 Qc7 22. Qxa6 Bxc1 23. Qb7 $1
$18) 21. a3 $1 {Paradoxerweise ist es hier am stärksten, den Springer auf das
Feld zu treiben, auf das er ohnehin will!} (21. Bf4 a6 $1 $13) (21. Nd6 $2 Qxc6
22. Qxb4 Qxd6 23. Qxe4 $15) 21... Nxc6 22. Nd6 $6 {Dieser folgerichtige Zug
kann eigentlich unmöglich ein Fehler sein, aber leider bekommt Schwarz eine
taktische Gegenchance. Stärker war daher der sofortige Vorstoß b4.} (22. b4 Ne5
(22... Bb2 23. Rc2 Be5 24. bxc5 Qf5 25. Nxa7 $1 $16) 23. bxc5 Qh3 24. Qxe4 Ng4
25. Qg2 Qxg2+ 26. Kxg2 Nxe3+ 27. fxe3 bxc5 28. Rxc5 Rfd8 29. Rd3 $16) 22... Qc7
23. b4 $2 {Konsequent aber das Abspiel hat leider ein taktisches Loch.} (23.
Bxc5 $1 {Diese Alternative verwarf ich nur deshalb, weil ich den Textzug für
stärker hielt.} bxc5 24. Rxc5 Bxb2 25. Rxc6 Qe7 26. Qxe4 Qxe4 27. Nxe4 Bxa3 28.
Ra6 {mit besserem Endspiel für Weiß, auch wenn bereits drohende Remiswolken (4
gegen 3 Bauern am Königsflügel) aufziehen.}) 23... a6 $2 {Läßt die unverhoffte
Chance vorübergehen. Nach Lb2! hätte sich der weiße Vorteil mehr oder weniger
in Luft aufgelöst, da der Turm mit Tempogewinn auf ein schlechtes Feld
getrieben wird, wonach sich ein schwarzer Stützpunkt auf d4 errichten lässt.
Ich hatte nur gesehen, dass sofortiges Sd4 oder Ld4 an Lxd4 nebst Txd4
scheitert.} (23... Bb2 $1 24. Rc2 (24. Rb1 Bd4 25. bxc5 Bxe3 26. fxe3 Rfd8 $13)
24... Nd4 $1 (24... Bd4 25. bxc5 bxc5 26. Bf4 g5 27. Nb5 $16) 25. Rxb2 Qxd6 26.
bxc5 bxc5 27. Bxd4 cxd4 28. Rxd4 $14) 24. bxc5 {Danach hat Weiß alle seine
Ziele erreicht und steht strategisch auf Gewinn.} b5 {Verhindert zwar die
gefährliche Öffnung der c-Linie, aber das ist natürlich nur noch ein schwacher
Trost.} 25. Qxe4 Bb2 {Ein letzter Versuch, im Trüben zu fischen.} 26. Rb1 Bxa3
27. Rd3 $1 {Ein wichtiger Zwischenzug, um dem Läufer den Rückzug abzuschneiden.
} b4 28. Bf4 {Der Gewinnzug, da die weißen Springerabzüge nicht mehr
vernünftig zu parieren sind.} Na5 (28... Rad8 29. Nc4 Qc8 30. Nxa3 $18) (28...
Qd7 29. Nb5 Qe6 30. Qxe6 fxe6 31. Nxa3 bxa3 32. Rxa3 $18) 29. Nf5 Qxc5 (29...
Qa7 30. Bh6 $18) 30. Rd5 $1 {Scheinbar macht Weiß nur Jagd auf den Sa5, doch
insgeheim strickt er schon an einem Mattnetz.} Qb6 (30... Qc4 {erlaubt bereits
ein schönes Matt in 3 Zügen} 31. Ne7+ Kh8 32. Qxh7+ Kxh7 33. Rh5#) 31. Ne7+ ({
Einfacher war} 31. Be3 $18) 31... Kh8 32. Rh5 $5 {Ich muss gestehen, dass mich
hier der Teufel ritt, denn natürlich hatte ich gesehen, dass Le3 oder Lc7 viel
einfacher gewinnt. Ich wollte aber nicht mal mehr ein verlorenes Endspiel
zulassen, sondern direkt auf Matt spielen.} (32. Be3 Qe6 33. Qxe6 fxe6 34. Rxa5
$18) 32... h6 $2 ({Die beste praktische Chance war natürlich} 32... f5 33. Qg2
$1 {erneuert die Drohung Txh7+} (33. Qf3 h6 34. Qxa3 bxa3 35. Rxb6 {sollte
zwar auch gewinnen, ist aber in einer praktischen Partie zu unübersichtlich,
da der Freibauer auf a3 viel zu gefährlich wird.}) 33... h6 34. Bxh6 $1 gxh6
35. Nxf5 Rad8 (35... Rxf5 36. Qxa8+ $18) (35... Kh7 36. Rxh6+ Qxh6 37. Nxh6
Kxh6 38. Qd5 $18) 36. Qh3 $18 {In dieser Variante zeigt sich besonders schön,
dass der Läufer auf a3 überhaupt nicht mehr mitspielt.}) (32... g6 33. Be5+ f6
34. Rxh7+) 33. Rxh6+ {Und nach diesem hübschen Schlussakkord gab Peter die
Partie entnervt auf.} (33. Rxh6+ gxh6 34. Be5+ f6 35. Qg6 $1 $18) 1-0